000 00784cam a2200241 i 4500
001 bg
003 KOSZ 005
005 20220112112156.0
008 040519s1976 pl a f f |001 0 pol
015 _aPB 1976/6316
040 _aWA N
_cKOSZ 005/HR
_dKOSZ 005/HR
080 _a531.7
080 _a006.91
100 1 _aPiotrowski, Janusz
_d(1934-2014)
_eAutor
245 1 0 _aPodstawy metrologii /
_cJanusz Piotrowski.
260 _aWarszawa :
_bPańst. Wydaw. Naukowe,
_c1976.
300 _a242, [1] s. :
_bil., tab., wykr. ;
_c24 cm.
504 _aBibliogr. s. 236-239. Indeks.
655 4 _aPodręczniki akademickie
650 4 _aPomiary
856 _uhttp://koha.tu.koszalin.pl/cgi-bin/koha/opac-detail.pl?biblionumber=27409
_yKatalog online BPK
942 _2UKD
_cKS
999 _c27409
_d27409